| 000 | 00788nam a22002417a 4500 | ||
|---|---|---|---|
| 999 |
_c2216 _d2216 |
||
| 003 | AR-CdUCM | ||
| 008 | 190304b ||||| |||| 00| 0 spa d | ||
| 040 |
_aMUNICIPALIDAD PROVINCIAL DEL CUSCO _cBIBLIOTECA MUNICIPAL DEL CUSCO |
||
| 082 |
_a361.7 / _bES77 |
||
| 100 |
_aEscobar M, Gabriel _97985 |
||
| 245 |
_aOrganización Social y Cultural del Sur del Perú / _cEscobar M, Gabriel |
||
| 260 |
_aMexico : _bTalleres de Edimix, _c1967. |
||
| 300 |
_a250 paginas ; _c18cm. |
||
| 500 | _aReferencias bibliograficas | ||
| 650 |
_aOrganizacion _94866 |
||
| 650 |
_aLiteratura _9416 |
||
| 650 |
_aSiglo XX _98 |
||
| 650 |
_aSocial y Cultural _97986 |
||
| 700 |
_aSchaedel, Richard _97987 |
||
| 700 |
_aNuñez del Prado, Óscar _95531 |
||
| 942 |
_2ddc _cLIBROS |
||
| 945 |
_apjha _d2019-03-04 |
||